Movies Quiz

Random Movies or Year Quiz
Score 0/20 Timer 05:00
0 Plays Today
Hint Answer % Correct
Iron Man
94.8%
WALL·E
94.1%
Twilight
92.4%
The Dark Knight
92.3%
Step Brothers
82.8%
Kung Fu Panda
82.3%
Marley & Me
80.1%
Tropic Thunder
75.6%
The Boy in the Striped Pajamas
65.4%
The Wrestler
64.2%
Hint Answer % Correct
Forgetting Sarah Marshall
61.3%
Pineapple Express
60.2%
Milk
59.9%
Slumdog Millionaire
50.8%
The Curious Case of Benjamin Button
49%
Taken
44.9%
Gran Torino
44.9%
Cloverfield
43.9%
Quantum of Solace
41%
Frost/Nixon
34%
Remove Ads.
Support Sporcle.
Get the best of Sporcle when you Go Orange. This ad-free experience offers more features, more stats, and more fun while also helping to support Sporcle. Thank you for becoming a member.

You're not logged in!

Compare scores with friends on all Sporcle quizzes.
OR
Log In

Show Comments

Extras

Top Quizzes Today


Score Distribution

Your Account Isn't Verified!

In order to create a playlist on Sporcle, you need to verify the email address you used during registration. Go to your Sporcle Settings to finish the process.

Report this User

Report this user for behavior that violates our Community Guidelines.

Details: